000 00373nam a22001337a 4500
020 _a0-8273-2931-8
082 _a005.265 COB'L
100 _aCOBURN, EDWARD J
_965451
245 _aLEARN TO COMPUTERS , A HANDS ON INTRODUCTION TO THE APPLE
260 _aUSA
_bDELMAR PUBLICATIONS
_c1988
300 _aXIX, 572P
650 _aAPPLE COMPUTER PROGRAMMING
_965452
942 _cBK
999 _c573655
_d573655